[Event "Druzynowe Mistrzostwa Polski - Ekstraliga 2023"]
[Site "Lublin"]
[Date "1899-12-30"]
[Round "6.17"]
[White "Plat, Vojtech"]
[Black "Gumularz, Szymon"]
[Result "1/2-1/2"]
[WhiteTitle "GM"]
[BlackTitle "GM"]
[WhiteElo "2476"]
[BlackElo "2587"]

1. e4 c6 2. d4 d5 3. exd5 cxd5 4. c4 Nf6 5. Nc3 Nc6 6. Nf3 a6 7. Bg5 Be6 8. Be2
g6 9. Bxf6 exf6 10. O-O Bg7 11. Qb3 dxc4 12. Qxb7 Na5 13. Qb4 1/2-1/2

[Event "Druzynowe Mistrzostwa Polski - Ekstraliga 2023"]
[Site "Lublin"]
[Date "1899-12-30"]
[Round "6.19"]
[White "Bjerre, Jonas Buhl"]
[Black "Pechac, Jergus"]
[Result "1-0"]
[WhiteTitle "GM"]
[BlackTitle "GM"]
[WhiteElo "2627"]
[BlackElo "2598"]

1. e4 e5 2. Nf3 Nc6 3. Bb5 Nge7 4. Nc3 Ng6 5. d4 Nxd4 6. Nxd4 exd4 7. Qxd4 c6 8.
Be2 Qb6 9. Qd3 Be7 10. O-O O-O 11. a4 Qc7 12. f4 b6 13. Be3 Bb7 14. Qc4 Rad8 15.
a5 Bc5 16. Bxc5 bxc5 17. Qxc5 Nxf4 18. Qxa7 Ra8 19. Qb6 Nxe2+ 20. Nxe2 Qc8 21.
Ng3 g6 22. Qc5 Ba6 23. Rf3 d5 24. Qc3 Re8 25. Re1 Qc7 26. Nh5 gxh5 27. Rg3+ Kf8
28. Qg7+ Ke7 29. exd5+ Kd6 30. Qf6+ Kc5 31. Qf2+ Kxd5 1-0

[Event "Druzynowe Mistrzostwa Polski - Ekstraliga 2023"]
[Site "Lublin"]
[Date "1899-12-30"]
[Round "6.20"]
[White "Leniart, Arkadiusz"]
[Black "Andersen, Mads"]
[Result "1-0"]
[WhiteTitle "GM"]
[BlackTitle "GM"]
[WhiteElo "2503"]
[BlackElo "2614"]

1. d4 d5 2. Bf4 c5 3. e3 Nc6 4. Nf3 cxd4 5. exd4 Bf5 6. c3 e6 7. Qb3 Bd6 8. Qxb7
Bxf4 9. Qxc6+ Kf8 10. Nbd2 Rb8 11. Nb3 g6 12. Ne5 Ne7 13. Qd7 Qb6 14. Nd3 Bd6
15. Ndc5 Kg7 16. Na4 Qc6 17. Qxc6 Nxc6 18. Be2 Bc2 19. Bd1 Bd3 20. Nbc5 Bb5 21.
Be2 e5 22. Bxb5 Rxb5 23. O-O-O exd4 24. Nb3 Re8 25. Nxd4 Nxd4 26. Rxd4 Re2 27.
Rf1 Be5 28. Rd3 Re4 29. b3 Re2 30. Kb1 Kf6 31. Rf3+ Ke6 32. Re3 Rxe3 33. fxe3
Bxh2 34. Rh1 Bd6 35. Rxh7 d4 36. exd4 Rg5 37. c4 Rxg2 38. c5 Bf4 39. Nc3 g5 40.
d5+ Kf6 41. d6 Ke6 42. Rh6+ f6 43. Rh7 Rd2 44. Re7+ Kf5 45. Ne4 Rd5 46. d7 Bc7
47. Nd6+ Kf4 48. Ne8 Bd8 49. c6 Rc5 50. Re6 f5 51. c7 Rxc7 52. Nxc7 Bxc7 53. Ra6
g4 54. Rxa7 Bb6 55. Rb7 Ba5 56. Rb5 Bc7 57. Rc5 Bb6 58. Rc6 Bd8 59. Rc8 Bb6 60.
d8=Q Bxd8 61. Rxd8 g3 62. a4 Ke3 63. Re8+ Kf2 64. Rf8 1-0

[Event "Druzynowe Mistrzostwa Polski - Ekstraliga 2023"]
[Site "Lublin"]
[Date "1899-12-30"]
[Round "6.21"]
[White "Nasuta, Grzegorz"]
[Black "Szpar, Milosz"]
[Result "1/2-1/2"]
[WhiteTitle "GM"]
[BlackTitle "IM"]
[WhiteElo "2579"]
[BlackElo "2477"]

1. e4 c5 2. Nf3 d6 3. d4 cxd4 4. Nxd4 Nf6 5. Nc3 Nc6 6. Bg5 e6 7. Qd2 a6 8. O-O-O
Bd7 9. Nxc6 Bxc6 10. f3 h6 11. Be3 d5 1/2-1/2

[Event "Druzynowe Mistrzostwa Polski - Ekstraliga 2023"]
[Site "Lublin"]
[Date "1899-12-30"]
[Round "6.22"]
[White "Nguyen, Piotr"]
[Black "Kempinski, Robert"]
[Result "1/2-1/2"]
[WhiteTitle "IM"]
[BlackTitle "GM"]
[WhiteElo "2394"]
[BlackElo "2550"]

1. d4 Nf6 2. c4 e6 3. g3 c5 4. d5 exd5 5. cxd5 d6 6. Nc3 g6 7. Bg2 Bg7 8. Nf3 O-O
9. O-O Re8 10. Bf4 a6 11. a4 Nh5 12. Bg5 Qc7 13. Qd2 Nd7 14. Bh6 Bh8 15. Rac1
Qb6 16. Qc2 Ndf6 17. e4 Ng4 18. Bd2 Ne5 19. Nxe5 Bxe5 20. Be3 Nf6 21. h3 Bd7 22.
Rfe1 Rac8 23. b3 Bd4 24. Nb1 Bxe3 25. Rxe3 Qd8 26. Rce1 b5 27. f4 c4 28. b4 bxa4
29. e5 Bf5 30. Qd2 dxe5 31. fxe5 Bxb1 32. Rxb1 1/2-1/2

[Event "Druzynowe Mistrzostwa Polski - Ekstraliga 2023"]
[Site "Lublin"]
[Date "1899-12-30"]
[Round "6.24"]
[White "Divya, Deshmukh"]
[Black "Cyfka, Karina"]
[Result "1/2-1/2"]
[WhiteTitle "WGM"]
[BlackTitle "IM"]
[WhiteElo "2385"]
[BlackElo "2351"]

1. e4 e5 2. Nf3 Nc6 3. Bc4 Nf6 4. d3 Be7 5. O-O O-O 6. Nc3 d6 7. a4 Na5 8. Ba2
c5 9. Bg5 Nc6 10. Bxf6 Bxf6 11. Nd5 g6 12. c3 Bg7 13. Qd2 Ne7 14. b4 Be6 15. Nxe7+
Qxe7 16. Rfb1 Rab8 17. Qe3 Rfc8 18. Nd2 Bf6 19. Bxe6 fxe6 20. Nf3 Qd7 21. c4 Bd8
22. h4 cxb4 23. Rxb4 Bb6 24. Qg5 Bc5 25. Rb5 a6 26. Rb3 b6 27. h5 Qg7 28. Rab1
a5 29. hxg6 Qxg6 30. Qh4 Kh8 31. d4 Rg8 32. Qh3 Bxd4 33. Nxd4 exd4 34. f3 Qg5
35. Rxb6 Rxb6 36. Rxb6 d3 37. Rb7 Qe3+ 38. Kh2 Qf4+ 39. g3 Qd2+ 40. Qg2 Qh6+ 41.
Qh3 Qd2+ 42. Qg2 Qh6+ 43. Qh3 Qd2+ 1/2-1/2

[Event "Druzynowe Mistrzostwa Polski - Ekstraliga 2023"]
[Site "Lublin"]
[Date "1899-12-30"]
[Round "6.25"]
[White "Navara, David"]
[Black "Nguyen, Thai Dai Van"]
[Result "1-0"]
[WhiteTitle "GM"]
[BlackTitle "GM"]
[WhiteElo "2688"]
[BlackElo "2606"]

1. e4 e5 2. Nf3 Nc6 3. Bc4 Bc5 4. a4 Nf6 5. d3 O-O 6. c3 a5 7. Bg5 h6 8. Bh4 g5
9. Bg3 d6 10. h3 Ba7 11. Nbd2 Kg7 12. Qe2 Nh5 13. Bh2 Qf6 14. g4 Nf4 15. Bxf4
exf4 16. d4 Bd7 17. O-O-O Qe7 18. h4 Rh8 19. hxg5 hxg5 20. e5 dxe5 21. d5 e4 22.
Nxe4 Ne5 23. Nexg5 Ng6 24. Qc2 Bxg4 25. d6 Qf6 26. dxc7 Bxf3 27. Nxf3 Rxh1 28.
Rxh1 Rc8 29. Bxf7 Bxf2 30. Qxf2 Kxf7 31. Rh7+ Kg8 32. Rd7 1-0

[Event "Druzynowe Mistrzostwa Polski - Ekstraliga 2023"]
[Site "Lublin"]
[Date "1899-12-30"]
[Round "6.26"]
[White "Svane, Rasmus"]
[Black "Tari, Aryan"]
[Result "1/2-1/2"]
[WhiteTitle "GM"]
[BlackTitle "GM"]
[WhiteElo "2641"]
[BlackElo "2635"]

1. e4 e5 2. Nf3 Nc6 3. Bc4 Nf6 4. d3 Bc5 5. c3 d6 6. O-O a5 7. Re1 O-O 8. h3 Be6
9. Bb5 Ba7 10. Be3 Bxe3 11. Rxe3 Ne7 12. d4 Ng6 13. Nbd2 h5 14. Qc2 c6 15. Bf1
a4 16. Ree1 b5 17. b4 axb3 18. axb3 Qc7 19. b4 Rfe8 20. dxe5 Rxa1 21. Rxa1 Nxe5
22. Nxe5 dxe5 23. Nf3 Rc8 24. c4 Bxc4 25. Bxc4 bxc4 26. Qxc4 Nd7 27. Ng5 Nb6 28.
Qc5 Nd7 29. Qc4 Nb6 30. Qc5 Nd7 31. Qc3 c5 32. Qc4 Nb6 33. Qxc5 Qxc5 34. bxc5
Nd7 35. Ra7 Nxc5 36. Nxf7 Nxe4 37. f3 Ng3 38. Nxe5 Kh7 39. Kf2 Nf5 40. Ra2 Rb8
41. g4 hxg4 42. hxg4 Rb5 43. f4 Nd6 44. Ra6 Ne4+ 45. Kf3 Nc5 46. Rc6 Rb3+ 47.
Ke2 Ne4 48. g5 Ng3+ 49. Kf2 Ne4+ 50. Kg2 Rg3+ 51. Kh2 Rc3 52. Rb6 Nd2 53. Kg2
Nc4 54. Rc6 Ne3+ 55. Kf3 Rxc6 56. Nxc6 Nf5 57. Ke4 Ng3+ 58. Ke5 g6 59. Nd4 Kg7
60. Ke6 Nh5 61. Ke7 Kh7 62. Ne6 Kg8 63. Ke8 Ng3 64. Nc7 Nf5 65. Nd5 Kg7 66. Nf6
Nd6+ 67. Kd7 Nf5 68. Ne8+ Kf8 69. Nf6 Nd4 70. Kd6 Ne2 71. Ke5 Kf7 72. Nd5 Ng3
73. Ne3 Ke7 74. Ng4 Nf5 75. Kd5 Kf7 76. Ne5+ Kg7 77. Ke6 Nd4+ 78. Ke7 Nf5+ 79.
Kd7 Ne3 80. Nc6 Nd5 81. Nd8 Kg8 82. Ne6 Kf7 83. Kd6 Ne3 84. Nd8+ Ke8 85. Nb7 Ng2
86. Ke5 Ke7 87. Na5 Ne3 88. Nc6+ Kf7 89. Kd6 Nc4+ 90. Kd5 Ne3+ 91. Ke4 Nf5 92.
Nd4 1/2-1/2

[Event "Druzynowe Mistrzostwa Polski - Ekstraliga 2023"]
[Site "Lublin"]
[Date "1899-12-30"]
[Round "6.27"]
[White "Piorun, Kacper"]
[Black "Berkes, Ferenc"]
[Result "1/2-1/2"]
[WhiteTitle "GM"]
[BlackTitle "GM"]
[WhiteElo "2594"]
[BlackElo "2622"]

1. e4 e6 2. d4 d5 3. Nc3 dxe4 4. Nxe4 Nd7 5. Nf3 Ngf6 6. Nxf6+ Nxf6 7. Be3 Bd6
8. Bd3 O-O 9. Qe2 b6 10. O-O-O Bb7 11. Bg5 h6 12. Bh4 Rc8 13. Kb1 c5 14. c3 Qc7
15. Bxf6 gxf6 16. Bc2 Rfe8 17. Qd3 f5 18. Rhg1 Be4 19. Qe2 Qc6 20. dxc5 Bxc5 21.
Ne5 Bxc2+ 22. Kxc2 Qa4+ 23. Kb1 Qe4+ 24. Qxe4 fxe4 25. Rge1 f5 26. f3 exf3 27.
gxf3 Rc7 28. Re2 Bf8 29. Kc2 Bg7 30. a4 Bxe5 31. Rxe5 1/2-1/2

[Event "Druzynowe Mistrzostwa Polski - Ekstraliga 2023"]
[Site "Lublin"]
[Date "1899-12-30"]
[Round "6.28"]
[White "Dardha, Daniel"]
[Black "Socko, Bartosz"]
[Result "0-1"]
[WhiteTitle "GM"]
[BlackTitle "GM"]
[WhiteElo "2586"]
[BlackElo "2538"]

1. d4 Nf6 2. c4 e6 3. Nf3 Bb4+ 4. Bd2 Qe7 5. g3 Bxd2+ 6. Nbxd2 d6 7. Bg2 e5 8.
e4 O-O 9. O-O Bg4 10. Qc2 a5 11. Rfe1 Nc6 12. d5 Nb4 13. Qc3 c5 14. Nh4 g6 15.
a3 Na6 16. f4 exf4 17. e5 dxe5 18. Rxe5 Qd8 19. gxf4 Nh5 20. Nhf3 Nxf4 21. Rae1
Nc7 22. Qe3 Nxg2 23. Kxg2 Bxf3+ 24. Nxf3 Ne8 25. Qxc5 Nd6 26. Qd4 Rc8 27. b3 a4
28. c5 f6 29. R5e2 Nf5 30. Qc4 b5 31. Qxb5 Qxd5 32. Qxa4 Rxc5 33. Rd2 Qb7 34.
Qb4 Qxb4 35. axb4 Rc3 36. Rb2 Rd8 37. Nd2 Ne3+ 38. Kg1 Rd4 39. Nc4 Nxc4 40. bxc4
Rcxc4 41. b5 Rb4 42. Reb1 Rd1+ 43. Rxd1 Rxb2 44. Rd6 Kg7 45. b6 g5 46. h4 g4 47.
h5 Kh6 48. Rxf6+ Kxh5 49. Kf1 Kg5 50. Rf7 h5 51. b7 h4 52. Rg7+ Kf4 53. Rc7 g3
54. Rc4+ Kf3 55. Rc3+ Kg4 56. Rc7 Kh3 57. Rg7 Kh2 58. Rg4 h3 0-1

[Event "Druzynowe Mistrzostwa Polski - Ekstraliga 2023"]
[Site "Lublin"]
[Date "1899-12-30"]
[Round "6.29"]
[White "Janik, Igor"]
[Black "Pultinevicius, Paulius"]
[Result "0-1"]
[WhiteTitle "GM"]
[BlackTitle "GM"]
[WhiteElo "2517"]
[BlackElo "2572"]

1. e4 c5 2. Nf3 Nc6 3. Bb5 Nf6 4. e5 Nd5 5. O-O Nc7 6. Bxc6 dxc6 7. h3 h6 8. d3
Bf5 9. Nbd2 Ne6 10. Nc4 g5 11. g4 Bg6 12. Re1 Qc7 13. a4 O-O-O 14. Qe2 Bg7 15.
Be3 f5 16. b4 Rdf8 17. bxc5 fxg4 18. hxg4 Nf4 19. Bxf4 Rxf4 20. Nh2 h5 21. a5
hxg4 22. a6 Bf7 23. axb7+ Qxb7 24. Reb1 Qc7 25. Nd6+ exd6 26. cxd6 g3 27. fxg3
Qxd6 28. exd6 Bd4+ 29. Kg2 Bd5+ 30. Nf3 g4 31. d7+ Kxd7 32. Rxa7+ Bxa7 33. gxf4
gxf3+ 34. Qxf3 Rg8+ 35. Kf1 0-1

[Event "Druzynowe Mistrzostwa Polski - Ekstraliga 2023"]
[Site "Lublin"]
[Date "1899-12-30"]
[Round "6.30"]
[White "Buksa, Nataliya"]
[Black "Socko, Monika"]
[Result "1/2-1/2"]
[WhiteTitle "IM"]
[BlackTitle "GM"]
[WhiteElo "2352"]
[BlackElo "2392"]

1. e4 e5 2. Nf3 Nc6 3. Bb5 a6 4. Ba4 Nge7 5. c3 Ng6 6. d4 exd4 7. cxd4 Bb4+ 8.
Nc3 d5 9. exd5 Bxc3+ 10. bxc3 Qxd5 11. Bb3 Qe4+ 12. Kf1 h6 13. Ba3 Bf5 14. Qe1
O-O-O 15. Qxe4 Bxe4 16. Bxf7 Nf4 17. Ne1 Bd5 18. Bxd5 Nxd5 19. Rc1 Na5 20. Rc2
Nc4 21. Bc1 Rde8 22. h4 Rhf8 23. Nf3 Re6 24. Rh3 b5 25. Rg3 Rf7 26. Kg1 Rfe7 27.
Kh2 a5 28. a3 a4 29. Ne5 Nxe5 30. dxe5 Rc6 31. f4 Rc4 32. Rf3 c5 33. Rff2 Nxc3
34. Bb2 Nd5 35. f5 Rxh4+ 36. Kg3 Rc4 37. Rxc4 bxc4 38. f6 gxf6 39. exf6 Rf7 40.
Rf5 c3 41. Bxc3 Nxc3 42. Rxc5+ Kd7 43. Rxc3 Rxf6 44. Rc4 Ra6 45. Kh4 Kd6 46. g4
Kd5 47. Rb4 Kc5 48. Kg3 Kd5 49. Kf4 Rf6+ 50. Ke3 Ra6 51. Kd3 Kc5 52. Ke4 Ra8 53.
Ke5 Ra5 54. Kf5 Ra6 55. Ke5 Ra5 56. Ke6 Kc6 57. Rc4+ Rc5 58. Rxa4 h5 59. Kf6 hxg4
60. Rxg4 Kb5 1/2-1/2

[Event "Druzynowe Mistrzostwa Polski - Ekstraliga 2023"]
[Site "Lublin"]
[Date "1899-12-30"]
[Round "7.1"]
[White "Nguyen, Thai Dai Van"]
[Black "Wojtaszek, Radoslaw"]
[Result "1/2-1/2"]
[WhiteTitle "GM"]
[BlackTitle "GM"]
[WhiteElo "2606"]
[BlackElo "2675"]

1. d4 Nf6 2. c4 e6 3. g3 Bb4+ 4. Bd2 Be7 5. Bg2 d5 6. Nf3 O-O 7. O-O Nbd7 8. Qc2
c6 9. Bf4 b6 10. Nbd2 Bb7 11. e4 Nh5 12. Be3 Nhf6 13. Bf4 Nh5 14. Be3 Nhf6 15.
h4 dxe4 16. Nxe4 c5 17. Ne5 cxd4 18. Bxd4 Nxe4 19. Bxe4 Bxe4 20. Qxe4 Nf6 21.
Qe3 Qc7 22. Qf3 Rac8 23. Bc3 a6 24. Rac1 Rfd8 25. Rfe1 a5 26. a3 a4 27. Rc2 Bc5
1/2-1/2

[Event "Druzynowe Mistrzostwa Polski - Ekstraliga 2023"]
[Site "Lublin"]
[Date "1899-12-30"]
[Round "7.2"]
[White "Abasov, Nijat"]
[Black "Svane, Rasmus"]
[Result "1-0"]
[WhiteTitle "GM"]
[BlackTitle "GM"]
[WhiteElo "2677"]
[BlackElo "2641"]

1. d4 Nf6 2. Nf3 d5 3. Bf4 c5 4. e3 e6 5. c3 Bd6 6. Bb5+ Nc6 7. Bxc6+ bxc6 8. Bxd6
Qxd6 9. Qa4 O-O 10. Qa3 Ne4 11. Nfd2 e5 12. Nxe4 dxe4 13. Qxc5 Qg6 14. Nd2 exd4
15. Qxd4 Re8 16. O-O-O c5 17. Qxc5 Qa6 18. Nxe4 Qxa2 19. Qa3 Qxa3 20. bxa3 Be6
21. Nc5 Bf5 22. Rd5 g6 23. Re1 Rab8 24. e4 Be6 25. Nxe6 Rxe6 26. Kc2 Reb6 27.
Kd3 Ra6 28. Ra1 Rb2 29. Ke3 Rf6 30. Rf1 Rb3 31. Rd3 Rc6 32. c4 Rb2 33. Rc1 Kf8
34. Rcc3 Ke7 35. Rd2 Rb1 36. f4 Re1+ 37. Re2 Ra1 38. Rb2 Ra6 39. Rb7+ Ke6 40.
Rbb3 Ra2 41. c5 Kd7 42. Rb7+ Ke6 43. Rbb3 Kd7 44. c6+ Rxc6 45. Rb7+ Kc8 46. Rxc6+
Kxb7 47. Rf6 Rxa3+ 48. Ke2 Ra2+ 49. Kf3 a5 50. Rxf7+ Kb6 51. Rxh7 Rc2 52. Rd7
a4 53. Rd1 a3 54. e5 Rc3+ 55. Kg4 Kc5 56. Kg5 a2 57. e6 Rd3 58. Ra1 Rd2 59. e7
Rxg2+ 60. Kf6 1-0

[Event "Druzynowe Mistrzostwa Polski - Ekstraliga 2023"]
[Site "Lublin"]
[Date "1899-12-30"]
[Round "7.4"]
[White "Teclaf, Pawel"]
[Black "Dardha, Daniel"]
[Result "1/2-1/2"]
[WhiteTitle "GM"]
[BlackTitle "GM"]
[WhiteElo "2586"]
[BlackElo "2586"]

1. Nf3 d5 2. g3 Nc6 3. d4 Bf5 4. Bg2 Nb4 5. Na3 e6 6. O-O Nc6 7. Nb1 Nb4 8. Ne1
Be7 9. c3 Nc6 10. Nf3 Nf6 11. Bg5 O-O 12. Nbd2 h6 13. Bxf6 Bxf6 14. Re1 a5 15.
e4 Bh7 16. a4 Rb8 17. Qb3 dxe4 18. Nxe4 Bxe4 19. Rxe4 Ne7 20. Ree1 c6 21. Nd2
Nd5 22. Nc4 b5 23. axb5 a4 24. Qa2 cxb5 25. Ne5 Qd6 26. Nd3 Rfd8 27. Rac1 Qb6
28. Be4 Rbc8 29. Re2 Be7 30. Rce1 Bf8 31. Bxd5 Rxd5 32. Nf4 Rd6 33. d5 exd5 34.
Nxd5 Qc6 35. Ne7+ Bxe7 36. Rxe7 Rf6 1/2-1/2

[Event "Druzynowe Mistrzostwa Polski - Ekstraliga 2023"]
[Site "Lublin"]
[Date "1899-12-30"]
[Round "7.5"]
[White "Pultinevicius, Paulius"]
[Black "Heberla, Bartlomiej"]
[Result "1-0"]
[WhiteTitle "GM"]
[BlackTitle "GM"]
[WhiteElo "2572"]
[BlackElo "2552"]

1. d4 d5 2. c4 dxc4 3. e4 e5 4. Nf3 Bb4+ 5. Nc3 exd4 6. Nxd4 Ne7 7. Bxc4 Nbc6 8.
Be3 O-O 9. O-O Nxd4 10. Bxd4 Nc6 11. Be3 Bxc3 12. bxc3 Qxd1 13. Rfxd1 Na5 14.
Bd5 c6 15. Bb3 b6 16. f3 Nxb3 17. axb3 c5 18. Rd6 Be6 19. c4 Rfe8 20. g4 f6 21.
Kf2 Kf7 22. Bf4 Ke7 23. Rc6 Rec8 24. Rc7+ Rxc7 25. Bxc7 a6 26. Bxb6 Kd6 27. Ra5
Rc8 28. Ba7 Rc6 29. Kg3 g6 30. f4 Bc8 31. Kh4 Bb7 32. g5 Kd7 33. gxf6 Rxf6 34.
Kg5 Rf7 35. e5 Rf5+ 36. Kh6 Rxf4 37. Rxc5 Rh4+ 38. Kg7 Rxh2 39. Bb8 Ke6 40. Rc7
Be4 41. Rf7 Rh3 42. Rf6+ Ke7 43. Bd6+ Ke8 44. e6 Rf3 45. Rf7 1-0

[Event "Druzynowe Mistrzostwa Polski - Ekstraliga 2023"]
[Site "Lublin"]
[Date "1899-12-30"]
[Round "7.6"]
[White "Kiolbasa, Oliwia"]
[Black "Buksa, Nataliya"]
[Result "1-0"]
[WhiteTitle "IM"]
[BlackTitle "IM"]
[WhiteElo "2387"]
[BlackElo "2352"]

1. e4 c5 2. Nf3 Nc6 3. d4 cxd4 4. Nxd4 Nf6 5. Nc3 e5 6. Ndb5 d6 7. Bg5 a6 8. Na3
b5 9. Nd5 Be7 10. Bxf6 Bxf6 11. c3 Rb8 12. Nc2 Bg5 13. a4 bxa4 14. Ncb4 Nxb4 15.
cxb4 Bd7 16. Bxa6 O-O 17. O-O Kh8 18. b3 axb3 19. Qxb3 f5 20. exf5 Bxf5 21. b5
Be6 22. Rad1 Qd7 23. Qc3 Qf7 24. Qc6 e4 25. Ne3 d5 26. b6 Rbd8 27. Nc2 Bg4 28.
Rd4 Bf4 29. Ne3 Rd6 30. Qc5 Be6 31. Be2 Be5 32. Rb4 Rdd8 33. b7 Bd6 34. Qxd6 Rxd6
35. b8=Q Qe7 36. Qb7 Qf6 37. Qc7 Rd7 38. Qc5 d4 39. Ng4 Qd8 40. Qe5 Re8 41. Qxe4
d3 42. Bd1 Bxg4 43. Qxg4 Re5 44. Ba4 Rdd5 45. Rb7 Qf8 46. Bb3 Rg5 47. Qe4 Rd8
48. Re7 h6 49. f4 Rb5 50. Ba4 Rbb8 51. f5 Qf6 52. Re6 Rd4 53. Re8+ Kh7 54. Qe6
Qxe6 55. fxe6 Rb6 56. e7 Re4 57. Bd7 Re5 58. Bf5+ 1-0

[Event "Druzynowe Mistrzostwa Polski - Ekstraliga 2023"]
[Site "Lublin"]
[Date "1899-12-30"]
[Round "7.7"]
[White "Pechac, Jergus"]
[Black "Navara, David"]
[Result "1/2-1/2"]
[WhiteTitle "GM"]
[BlackTitle "GM"]
[WhiteElo "2598"]
[BlackElo "2688"]

1. d4 Nf6 2. c4 e6 3. Nf3 d5 4. Nc3 Bb4 5. Bg5 h6 6. Bxf6 Qxf6 7. e3 O-O 8. Qb3
c5 9. cxd5 exd5 10. dxc5 Bxc3+ 11. Qxc3 Qxc3+ 12. bxc3 Nd7 13. Rd1 Nf6 14. Nd4
Bd7 15. f3 Rfc8 16. Nb3 Ba4 17. Rd4 Bxb3 18. axb3 Rxc5 19. Kd2 1/2-1/2

[Event "Druzynowe Mistrzostwa Polski - Ekstraliga 2023"]
[Site "Lublin"]
[Date "1899-12-30"]
[Round "7.8"]
[White "Tari, Aryan"]
[Black "Leniart, Arkadiusz"]
[Result "1/2-1/2"]
[WhiteTitle "GM"]
[BlackTitle "GM"]
[WhiteElo "2635"]
[BlackElo "2503"]

1. e4 e6 2. d4 d5 3. Nc3 Nf6 4. e5 Nfd7 5. f4 c5 6. Nf3 Nc6 7. Be3 cxd4 8. Nxd4
Qb6 9. a3 Bc5 10. Ncb5 Nxd4 11. Bxd4 O-O 12. Bxc5 Nxc5 13. Qd4 f6 14. O-O-O fxe5
15. fxe5 Bd7 16. Nd6 Rf2 17. b4 Ba4 18. Rd2 Rxd2 19. Qxd2 Ne4 20. Nxe4 dxe4 21.
Qc3 Rf8 22. Be2 Rf2 23. Rf1 e3 24. Bd3 Bb5 25. Bxb5 Qxb5 26. Rd1 Qc6 27. Rd8+
Kf7 28. Qd3 Rd2 29. Qf1+ Rf2 30. Qd3 Rd2 31. Qf1+ Rf2 1/2-1/2

[Event "Druzynowe Mistrzostwa Polski - Ekstraliga 2023"]
[Site "Lublin"]
[Date "1899-12-30"]
[Round "7.9"]
[White "Szpar, Milosz"]
[Black "Piorun, Kacper"]
[Result "0-1"]
[WhiteTitle "IM"]
[BlackTitle "GM"]
[WhiteElo "2477"]
[BlackElo "2594"]

1. Nf3 Nf6 2. c4 g6 3. Nc3 Bg7 4. e4 d6 5. d4 O-O 6. Be2 e5 7. Be3 Nbd7 8. d5 h6
9. Nd2 c6 10. O-O c5 11. Qa4 Ne8 12. b4 f5 13. f3 h5 14. Nb3 cxb4 15. Qxb4 b6
16. a4 a5 17. Qa3 f4 18. Bf2 g5 19. Nb5 Rf6 20. Rfd1 Rg6 21. h3 Ndf6 22. Kf1 g4
23. hxg4 hxg4 24. Ke1 gxf3 25. gxf3 Nh5 26. Bf1 Bf6 27. Qa2 Bh4 28. Bxh4 Qxh4+
29. Qf2 Ng3 30. Rd2 Qh1 31. Qg2 Qh5 32. Qf2 Nh1 33. Qxb6 Qxf3 34. Rd3 Qxe4+ 35.
Kd2 Ng3 36. Nc3 Nxf1+ 37. Rxf1 Qxc4 38. Qc6 Ba6 39. Rff3 Qxb3 40. Qxa8 Qb2+ 41.
Kd1 Rg1+ 42. Rf1 Rxf1# 0-1

[Event "Druzynowe Mistrzostwa Polski - Ekstraliga 2023"]
[Site "Lublin"]
[Date "1899-12-30"]
[Round "7.11"]
[White "Mikrut, Dariusz"]
[Black "Janik, Igor"]
[Result "1/2-1/2"]
[WhiteTitle "IM"]
[BlackTitle "GM"]
[WhiteElo "2312"]
[BlackElo "2517"]

1. d4 g6 2. Nf3 Bg7 3. e4 d6 4. h3 Nf6 5. Nc3 a6 6. a4 b6 7. Bc4 Bb7 8. Qe2 O-O
9. O-O e6 10. Bg5 h6 11. Bh4 g5 12. Bg3 Nbd7 13. Rad1 d5 14. Bd3 c5 15. exd5 exd5
16. Rfe1 Re8 17. Qf1 Nf8 18. Bf5 c4 19. Ne5 b5 20. axb5 axb5 21. Nxb5 Qb6 22.
Nc3 Ne6 23. Ne2 Bc8 24. Kh1 Nf8 25. Bxc8 Raxc8 26. f4 Qb7 27. fxg5 hxg5 28. Nc3
Re6 29. Qf3 N8h7 30. Rb1 Rce8 31. Qf5 Qa7 32. Bf2 Qb7 33. b3 cxb3 34. Rxb3 Qc7
35. Rf1 Rf8 36. Be3 Ne4 37. Nxe4 dxe4 38. Qxe4 Bxe5 39. dxe5 Rxe5 40. Qd3 Rfe8
41. Bb6 Qe7 42. Bd4 Re4 43. Rb5 Qd6 44. c3 Re1 45. Rb1 Rxb1 46. Qxb1 Qd5 47. Qd1
Re4 48. Re1 Nf8 49. Rxe4 Qxe4 50. Qh5 Qb1+ 51. Kh2 Qb8+ 52. Kg1 Qb1+ 53. Kf2 Qf5+
54. Qf3 Qc2+ 55. Kg3 Qh7 56. Kh2 Qh4 57. Be5 Ng6 58. Bg3 Qc4 59. Qf6 Qc5 60. Qd8+
Kg7 61. Qd3 Qc6 62. Qd4+ f6 63. c4 Ne7 64. Qd3 Kf7 65. Bd6 Nf5 66. Ba3 Qc7+ 67.
Kg1 Qe5 68. Qd5+ Qxd5 69. cxd5 Ne3 70. d6 Ke6 71. g3 Nc4 1/2-1/2

[Event "Druzynowe Mistrzostwa Polski - Ekstraliga 2023"]
[Site "Lublin"]
[Date "1899-12-30"]
[Round "7.12"]
[White "Socko, Monika"]
[Black "Divya, Deshmukh"]
[Result "0-1"]
[WhiteTitle "GM"]
[BlackTitle "WGM"]
[WhiteElo "2392"]
[BlackElo "2385"]

1. d4 Nf6 2. Nf3 d5 3. e3 c5 4. Bd3 Nc6 5. O-O Bg4 6. Be2 e6 7. Nbd2 Bd6 8. dxc5
Bxc5 9. a3 a5 10. c4 O-O 11. cxd5 Qxd5 12. Nb3 Bb6 13. h3 Qxd1 14. Rxd1 Bf5 15.
Nbd4 Nxd4 16. Nxd4 Bxd4 17. Rxd4 e5 18. Rd1 Bc2 19. Re1 Rfd8 20. f3 e4 21. a4
Rac8 22. Ra3 Bd1 23. Bd3 Rxc1 24. fxe4 Rdc8 25. e5 Ne8 26. Bf5 Bxa4 27. Kf2 Bb5
28. Bxc8 Rxc8 29. Rc3 Rxc3 30. bxc3 Bc4 31. Ra1 b6 32. Rd1 a4 33. Rd8 Kf8 34.
Ra8 b5 35. Ra7 g6 36. e4 Ng7 37. Ke3 Ne6 38. h4 h5 39. Ra8+ Ke7 40. Ra7+ Kd8 41.
Rxf7 a3 42. Ra7 a2 43. Kd2 Nc5 44. Kc2 Na4 0-1

[Event "Druzynowe Mistrzostwa Polski - Ekstraliga 2023"]
[Site "Lublin"]
[Date "1899-12-30"]
[Round "7.13"]
[White "Harikrishna, Pentala"]
[Black "Bjerre, Jonas Buhl"]
[Result "1/2-1/2"]
[WhiteTitle "GM"]
[BlackTitle "GM"]
[WhiteElo "2711"]
[BlackElo "2627"]

1. Nf3 d5 2. e3 Nf6 3. c4 e6 4. b3 c5 5. Bb2 Nc6 6. cxd5 exd5 7. Bb5 Bd6 8. O-O
O-O 9. d4 cxd4 10. Nxd4 Bc7 11. Nc3 Qd6 12. g3 Bh3 13. Re1 Rac8 14. Bf1 Qd7 15.
Nxc6 bxc6 16. Rc1 Ba5 17. Qd4 Rfd8 18. b4 Bb6 19. Qh4 Bxf1 20. Rxf1 Qf5 21. Qf4
Qxf4 22. gxf4 1/2-1/2

[Event "Druzynowe Mistrzostwa Polski - Ekstraliga 2023"]
[Site "Lublin"]
[Date "1899-12-30"]
[Round "7.14"]
[White "Andersen, Mads"]
[Black "Bartel, Mateusz"]
[Result "1/2-1/2"]
[WhiteTitle "GM"]
[BlackTitle "GM"]
[WhiteElo "2614"]
[BlackElo "2621"]

1. e4 e6 2. d4 d5 3. exd5 exd5 4. Nf3 Bd6 5. c4 Nf6 6. Nc3 O-O 7. cxd5 Nbd7 8.
Be2 h6 9. O-O Nb6 10. Ne5 Nbxd5 11. Bc4 c6 12. Qb3 Qb6 13. Nxd5 Nxd5 14. Bxd5
cxd5 15. Qxd5 Be6 16. Qe4 Rad8 17. d5 Bxe5 18. dxe6 Qxe6 19. Qxb7 Rd7 20. Qb3
Qf5 21. Be3 Rb8 22. Qa4 Rxb2 23. Rad1 Rxd1 24. Rxd1 Rb1 25. g3 a6 1/2-1/2

[Event "Druzynowe Mistrzostwa Polski - Ekstraliga 2023"]
[Site "Lublin"]
[Date "1899-12-30"]
[Round "7.15"]
[White "Mastrovasilis, Dimitrios"]
[Black "Nasuta, Grzegorz"]
[Result "1/2-1/2"]
[WhiteTitle "GM"]
[BlackTitle "GM"]
[WhiteElo "2589"]
[BlackElo "2579"]

1. e4 e5 2. Nf3 Nc6 3. Bb5 a6 4. Ba4 Nf6 5. O-O b5 6. Bb3 Bc5 7. c3 d6 8. a4 Rb8
9. axb5 axb5 10. d3 O-O 11. h3 Bd7 12. Re1 h6 13. Nbd2 Ra8 14. Rxa8 Qxa8 15. Nf1
Qa7 16. Be3 Bxe3 17. Nxe3 b4 18. Nd2 bxc3 19. bxc3 Ne7 20. Kh2 Ra8 21. Qc2 Ng6
22. Rb1 Nf8 23. Nf3 1/2-1/2

[Event "Druzynowe Mistrzostwa Polski - Ekstraliga 2023"]
[Site "Lublin"]
[Date "1899-12-30"]
[Round "7.16"]
[White "Kempinski, Robert"]
[Black "Gumularz, Szymon"]
[Result "1-0"]
[WhiteTitle "GM"]
[BlackTitle "GM"]
[WhiteElo "2550"]
[BlackElo "2587"]

1. c4 Nf6 2. Nf3 e6 3. e3 b6 4. b3 Bb7 5. Bb2 d5 6. cxd5 exd5 7. Nc3 Nbd7 8. Rc1
a6 9. Ne2 g6 10. Ng3 Bd6 11. Be2 O-O 12. O-O Re8 13. Rc2 Qe7 14. Qa1 Ne4 15. d3
Ng5 16. Rfc1 Nxf3+ 17. Bxf3 Ne5 18. Be2 f5 19. Nf1 Rf8 20. f4 Nf7 21. Bf3 Rfe8
22. b4 Rac8 23. a3 c5 24. bxc5 bxc5 25. Rb1 Ba8 26. Qa2 Qe6 27. Ba1 Bf8 28. Rcb2
Qd7 29. Rb6 Re6 30. Rb8 Ree8 31. Rxc8 Rxc8 32. Rb6 a5 33. Qb2 a4 34. h4 Rc6 35.
Rb5 Re6 36. h5 Bc6 37. Rb8 d4 38. Bxc6 Rxc6 39. exd4 Qxd4+ 40. Qxd4 cxd4 41. Bxd4
gxh5 42. Ne3 Nh6 43. Nc4 Ng4 44. Ra8 Rc7 45. Kf1 h4 46. Bb6 Rc6 47. Rxa4 Bh6 48.
Ra8+ Kf7 49. Ra7+ Kg6 50. Bc7 Re6 51. Be5 Nh2+ 52. Kf2 Ng4+ 53. Kf3 Re8 54. d4
Nh2+ 55. Ke3 Ng4+ 56. Kd3 Nf2+ 57. Ke2 Ne4 58. Ne3 Re6 59. d5 Rb6 60. d6 Nxd6
61. Nd5 Nb5 62. Ra5 Rb7 63. Ra6+ Kh5 64. Nf6+ Kg6 65. Ng8+ 1-0

[Event "Druzynowe Mistrzostwa Polski - Ekstraliga 2023"]
[Site "Lublin"]
[Date "1899-12-30"]
[Round "7.18"]
[White "Cyfka, Karina"]
[Black "Zawadzka, Jolanta"]
[Result "1/2-1/2"]
[WhiteTitle "IM"]
[BlackTitle "WGM"]
[WhiteElo "2351"]
[BlackElo "2347"]

1. e4 e5 2. Nf3 Nc6 3. Nc3 Nf6 4. d4 exd4 5. Nxd4 Bb4 6. Nxc6 bxc6 7. Bd3 O-O 8.
O-O d5 9. exd5 cxd5 10. Bg5 c6 11. Qf3 h6 12. Bxf6 1/2-1/2